000 00966cam a22002411i 4500
003 SA-RiAUC
005 20250811061406.0
008 250807s1984 su g 00010 ara c
040 _aSA-RiAUC
_bara
_cSA-RiAUC
_erda
082 0 4 _a210.2
_qSA-RiAUC
090 _a210.2
_bح س ن
100 1 _aالحسني، محمد بن علوي المالكي،
_d1367-1425 هجري
_eمؤلف.
245 1 0 _aشرف الأمة المحمدية /
_cتأليف محمد بن علوي المالكي الحسني.
250 _aالطبعة الأولى.
264 1 _aالمدينة المنورة :
_bدار المدينة المنورة للنشر والتوزيع،
_c1984.
300 _a255 صفحة ؛
_c24 سم
336 _aنص
_btxt
_2rdacontent
_3كتاب
337 _aبدون وسيط
_bn
_2rdamedia
338 _aمجلد
_bnc
_2rdacarrier
650 7 _aالإسلام
_vمتفرقات
_2aucsh
942 _2ddc
_cBOOK
_n0
949 _aSA-JeALM
_d250807
_umohamedma123
_n1
999 _c10711
_d10711